000 00642nam a2200205Ia 4500
001 15281
003 GE_BSU
008 181216s||||||||xx |||||||||||||| ||und||
040 _cGE_BSU
080 _a821.353.1-11
100 _aშანშიაშვილი,სანდრო
245 _aკრწანისი.დრამატული პოემა
245 _cრედ.გ.ქიქოძე
260 _aთბილისი
260 _bფედერაცია
260 _c1942
300 _a85გვ.16სმ.
653 _aკრწანისი.დრამატული პოემა
942 _cBK
999 _c48391
_d48391